Detalles MARC
| 000 -LÍDER |
| Campo fijo de descripción fija |
01110nam a22002897i 4500 |
| 001 - NÚMERO DE CONTROL |
| Campo de control |
BINCO |
| 003 - IDENTIFICADOR DEL NÚMERO DE CONTROL |
| Campo de control |
CO-MdBIC |
| 005 - FECHA Y HORA DE LA ULTIMA TRANSACCIÓN |
| control field |
20240609182157.0 |
| 008 - ELEMENTOS DE LONGITUD FIJA -- INFORMACIÓN GENERAL |
| Campo fijo de descripción fija -- Información general |
240609t1997 us a|||| |||| 00| 0 spa d |
| 020 ## - NÚMERO INTERNACIONAL NORMALIZADO PARA LIBROS |
| Número Internacional Normalizado del libro |
0590041584 |
| 040 ## - FUENTE DE CATALOGACIÓN |
| Idioma de catalogación |
spa. |
| Agencia que realiza la transcripción |
CO-MdBIC |
| 041 ## - CÓDIGO DE IDIOMA |
| Código de idioma para texto/pista de sonido o título separado |
spa |
| 082 ## - NÚMERO DE CLASIFICACIÓN DECIMAL DEWEY |
| Número de la edición del Dewey |
23 |
| Número de clasificación |
810.8 |
| Clave de autor-Numero de item |
B852 |
| 100 ## - ASIENTO PRINCIPAL--NOMBRE PERSONAL |
| Nombre personal |
Bridwell, Norman, |
| 245 1# - TÍTULO |
| Título del Material |
Clifford : |
| Parte restante del título - Subtitulo |
y la limpieza de primavera |
| Mención de responsabilidad, etc. |
/ Norman Bridwell ; traducción de Teresa Mlawer |
| 246 ## - FORMA VARIANTE DEL TITULO |
| Título propiamente dicho/forma breve del título |
Clifford's Spring Clean-Up |
| 264 ## - PRODUCCIÓN, PUBLICACIÓN, DISTRIBUCIÓN, MANUFACTURA, Y COPYRIGHT |
| Lugar de producción, publicación, distribución, manufactura |
New York, Estados Unidos : |
| Nombre del productor, publicador, distribuidor |
Scholastic , |
| Fecha de producción, publicación, distribución, manufactura, o copyright |
[1997] |
| 264 ## - PRODUCCIÓN, PUBLICACIÓN, DISTRIBUCIÓN, MANUFACTURA, Y COPYRIGHT |
| Fecha de producción, publicación, distribución, manufactura, o copyright |
©1997 |
| 300 ## - DESCRIPCIÓN FÍSICA |
| Extensión |
32 páginas : |
| Otros detalles físicos |
ilustraciones a color ; |
| Dimensiones |
20 cm. |
| 500 ## - NOTA GENERAL |
| Nota General |
En español |
| 501 ## - NOTA DE “CON” |
| Nota de Contenido |
Una nueva aventura de Clifford encuentra al gran perro rojo trabajando duro para limpiar la casa, o intentando hacerlo, mientras sacude en pedazos las alfombras de Emily Elizabeth y desentierra las malas hierbas en un terreno baldío para el Día de la Tierra. Original. |
| 650 #7 - ASIENTO SECUNDARIO DE MATERIA - TERMINO TEMÁTICO |
| Término temático o nombre geográfico como elemento de entrada |
Literatura norteamericana |
| 9 (RLIN) |
2493 |
| 690 ## - CAMPO LOCAL DE ACCESO TEMÁTICO |
| Término temático o nombre geográfico como elemento de entrada |
Cuentos infantiles |
| 690 ## - CAMPO LOCAL DE ACCESO TEMÁTICO |
| Término temático o nombre geográfico como elemento de entrada |
Ficción |
| 700 ## - ASIENTO SECUNDARIO - NOMBRE PERSONAL |
| Nombre personal |
Mlawer, Teresa, |
| Responsabilidad |
traductora |
| 942 ## - TIPO DE MATERIAL (KOHA) |
| Tipo de Item KOHA |
Z- Libro General BINCO |